Music Quiz

Random Music or Song Quiz

20 Music Videos From the 1990s Quiz Stats

 Plays Quiz Updated Oct 23, 2014

Also try: Music Videos
Challenge
Share
Tweet
Score 0/20 Timer 06:00
4 Plays Today
% Correct
Smells Like Teen Spirit (Nirvana)
83.7%
Waterfalls (TLC)
74.5%
Nothing Compares 2 U (Sinéad O'Connor)
70.4%
Buddy Holly (Weezer)
61.6%
Torn (Natalie Imbruglia)
58.5%
...Baby One More Time (Britney Spears)
56%
Baby Got Back (Sir Mix-A-Lot)
56%
Gangsta's Paradise (Coolio)
55%
November Rain (Guns N' Roses)
50.5%
Bittersweet Symphony (The Verve)
47.5%
% Correct
Sabotage (Beastie Boys)
45.7%
Loser (Beck)
45.1%
My Name Is (Eminem)
44.4%
Virtual Insanity (Jamiroquai)
42.2%
No Rain (Blind Melon)
39.4%
I Want It That Way (Backstreet Boys)
39%
Scream (Michael Jackson / Janet Jackson)
37.1%
Tonight, Tonight (Smashing Pumpkins)
31.7%
Are You Gonna Go My Way (Lenny Kravitz)
31.3%
End of the Road (Boyz II Men)
31%

You're not logged in!

Compare scores with friends on all Sporcle quizzes.
Join for Free
OR
Log In

You Might Also Like...

Show Comments

Extras

Top Quizzes Today


Score Distribution

Your Account Isn't Verified!

In order to create a playlist on Sporcle, you need to verify the email address you used during registration. Go to your Sporcle Settings to finish the process.

Report this User

Report this user for behavior that violates our Community Guidelines.

Details: